000
00225nam a2200097Ia 4500
005
20251222114416.0
008
251222s1900||||xx |||||||||||||| ||spa||
082
_a
DVD0124/V63
245
0
_a
Video music awards: rock:
942
_c
DVD
999
_c
2246
_d
2246